000 01175nam0a22002771 4500
001 rc\3506828
005 20130115142245.9
021 _aRU
_b71-32330
021 _aRU
_bРг3553-72
035 _a(NLR Aleph) 007615806
090 _a5866319
_c5866319
100 _a20130115d1971 |||y0rusy50 ca
101 0 _arus
102 _aRU
105 _ay z |||||
200 1 _aГеорг Зейдлиц и его курс дарвинизма в Дерптском университете в 60-х - 70-х годах XIX века
_fXIII Междунар. конгресс по истории науки. Москва, 18-24 авг. 1971 г. Коллоквиум: Эволюцион. теория и генетика
210 _aМосква
_cНаука
_d1971
215 _a17 с., включ. обл.
_d21
700 1 _aБляхер
_bЛ. Я.
_f1900-
_gЛеонид Яковлевич
702 1 _aЗейдлиц
_bГ.
_gГеорг
_4570
712 1 2 _aМеждународный конгр. истории наук
_d13
_f1971
_eМосква
_3RU\NLR\AUTH\8824030
801 0 _aRU
_bNLR
_gpsbo
801 1 _aRU
_bELAR
_2rusmarc
852 _aNLR
_j72-6/1319
942 _cBOOK
980 _aNB